| LEADER | 01093nam a2200265 u 4500 | ||
|---|---|---|---|
| 001 | 10117357 | ||
| 003 | upatras | ||
| 005 | 20210117205535.0 | ||
| 008 | 150903s1991 uk a 001 eng | ||
| 020 | |a 0333556321 | ||
| 040 | |a GR-PaULI |c GR-PaULI | ||
| 041 | 0 | |a eng | |
| 082 | 1 | 4 | |a 801.95092 |2 20 |
| 100 | 1 | |a Danow, David K. |d 1944- |q ((David Keevin)) |4 aut |9 145855 | |
| 245 | 1 | 0 | |a The thought of Mikhail Bakhtin |b from word to culture |c David K. Danow. |
| 260 | |a Houndmills, Basingstoke, Hampshire |b Macmillan |c c1991 | ||
| 300 | |a vii, 158 p. |c 22 cm. | ||
| 504 | |a Includes bibliographical references (p. [145]-155) and index. | ||
| 600 | 1 | 4 | |a Bakhtin- M. M |d 1895-1975 |9 8943 |
| 650 | 4 | |a Φιλολογία |x Ιστορία |y 20ος αι. |9 145856 | |
| 852 | |a GR-PaULI |b ΠΑΤΡΑ |b ΦΙΛΟΛΟΓΙΑ |k ΔΑΝΕΙΖ-6 |h 801.95092 DAN |m 13999 |p 025000196555 |t 1 | ||
| 942 | |2 ddc | ||
| 952 | |0 0 |1 0 |4 0 |6 801_950920000000000_DAN |7 0 |9 183234 |a LTRT |b LTRT |d 2016-04-24 |i 13999 |l 0 |o 801.95092 DAN |p 025000196555 |r 2016-04-24 00:00:00 |t 1 |w 2016-04-24 | ||
| 998 | |c ΑΝΔΡΙΚΟΠΟΥΛΟΥ |d 2015-09 | ||
| 999 | |c 113056 |d 113056 | ||